| 000 | 02283nam0a22003011 4500 | ||
|---|---|---|---|
| 001 | rc\4328129 | ||
| 005 | 20250612051225.0 | ||
| 021 |
_aRU _b[62-82ж] |
||
| 035 | _a(NLR Aleph) 008516598 | ||
| 090 |
_a8202281 _c8202281 |
||
| 100 | _a20130416d1961 |||y0rusy50 ca | ||
| 101 | 0 | _arus | |
| 102 | _aRU | ||
| 105 | _ay z ||||| | ||
| 200 | 1 |
_aВопросы астрофизики и атмосферной оптики _eФотометр. наблюдения Зодиакального света _f[Ред. коллегия: ... В.Г. Фесенков (отв. ред.) и др.] |
|
| 210 |
_aАлма-Ата _cИзд-во Акад. наук КазССР _d1961 |
||
| 215 |
_a123 с. _d27 |
||
| 225 | 1 |
_aАкадемия наук КазССР. Труды Астрофизического института _vТ. 2 |
|
| 327 | 1 | _aСодерж.: Фотометр. наблюдения Зодиакального света бинокулярным фотометром, провед. осенью 1957 г. в Ливийской пустыне / В.Г. Фесенков. Фотоэлектр. наблюдения Зодиакального света / Н. Б. Дивари и А.С. Асаад | |
| 464 | 0 |
_12001#$aФотоэлектрические наблюдения Зодиакального света _1700#1$aДивари$bН.Б. _1701#1$aАссад$bА.С. _tФотоэлектрические наблюдения Зодиакального света _aДивари, Н.Б. |
|
| 464 | 0 |
_12001#$aФотометрические наблюдения Зодиакального света бинокулярным фотометром, проведенные осенью 1957 г. в Ливийской пустыне _1700#1$aФесенков$bВ.Г. _tФотометрические наблюдения Зодиакального света бинокулярным фотометром, проведенные осенью 1957 г. в Ливийской пустыне _aФесенков, В.Г. |
|
| 606 |
_aЗодиакальный свет _xНаблюдения _2psbo |
||
| 702 | 1 |
_aФесенков _bВ.Г. _gВасилий Григорьевич _4340 |
|
| 801 | 0 |
_aRU _bNLR _gpsbo |
|
| 801 | 1 |
_aRU _bELAR _2rusmarc |
|
| 852 |
_aNLR _jП8/543 |
||
| 942 | _cBOOK | ||
| 980 | _aNB | ||